000 00574nam a2200217Ia 4500
003 GCL
008 140319s9999 xx 000 0 eng d
040 _aGCL /
_cGCL
082 0 4 _a541.3
_bM P
100 1 _aPRUTTON, CARL F.
245 1 0 _aPRINCIPLES OF PHYSICAL CHEMISTRY /
_cPRUTTON, CARL F.
700 1 _aMARON, SAMUL H.
260 _a[S.N] :
_bOXFORD & IBH PUBLISHING CO.PVT. LTD. ،
_c1977
300 _a886\P
650 0 4 _aTHERMODYNAMICS
650 0 4 _aSOLIDS
650 0 4 _aPHYSICAL CHEMISTRY
650 0 4 _aEQUILIBRIUM
650 0 4 _aLIQUIDS
942 _2ddc
_cBK
999 _c20120
_d20120